000 00203nam a2200097Ia 4500
008 220204s9999 xx 000 0 und d
082 _a82-3
_bMAN
100 _aOg
245 0 _aGift of Acabar
942 _cBK
999 _c35115
_d35115